000 00242nam a22001217a 4500
041 _aENG
100 _aGole.P.D
245 _aIrrigation Engineering
260 _aNew Delhi
_bLaxmi Pub
_c1987
300 _a291
650 _a48
856 _u48
999 _c3121
_d3121